000 00441nam a2200181Ia 4500
001 22840
005 20260414150857.0
008 260414t2010||||xx |||||||||||||| ||spa||
041 _aESP
082 _a624.151
_bL87 Nº 13
100 _aLópez Jimeno, Carlos
_eAUT
245 0 _aIngeniería del terreno :
_bIngeoter
260 _c2010
300 _a453 páginas :
_c25 cm.
650 _a0
654 _aCIC
942 _cLIB
_dJUS
_fJUS
_2ddc
_n
999 _c22840
_d22840